The United States and economic collaboration among the countries of Europe. (Record no. 89974)

MARC details
000 -LEADER
fixed length control field 00894cam a22002651 4500
001 - CONTROL NUMBER
control field sd 47000006
003 - CONTROL NUMBER IDENTIFIER
control field DLC
005 - DATE AND TIME OF LATEST TRANSACTION
control field 20260227112735.0
008 - FIXED-LENGTH DATA ELEMENTS--GENERAL INFORMATION
fixed length control field 920513r19471947dcu f000 0 eng c
010 ## - LIBRARY OF CONGRESS CONTROL NUMBER
LC control number sd 47000006
035 ## - SYSTEM CONTROL NUMBER
System control number (OCoLC)25805524
040 ## - CATALOGING SOURCE
Original cataloging agency U.S. Dept. of State. Libr.
Transcribing agency DS
Modifying agency DLC
042 ## - AUTHENTICATION CODE
Authentication code premarc
050 00 - LIBRARY OF CONGRESS CALL NUMBER
Classification number HC240
Item number .C53
082 ## - DEWEY DECIMAL CLASSIFICATION NUMBER
Classification number 330.94
100 1# - MAIN ENTRY--PERSONAL NAME
Personal name Cleveland, Harold van B.
245 14 - TITLE STATEMENT
Title The United States and economic collaboration among the countries of Europe.
260 ## - PUBLICATION, DISTRIBUTION, ETC.
Place of publication, distribution, etc. [Washington,
Name of publisher, distributor, etc. U.S. Govt. Print. Off.,
Date of publication, distribution, etc. 1947]
300 ## - PHYSICAL DESCRIPTION
Extent 1 p. l., 17, [1] p.
Dimensions 20 cm.
490 0# - SERIES STATEMENT
Series statement United States. Dept. of State. Publication
Volume/sequential designation 2680
490 0# - SERIES STATEMENT
Series statement European series
Volume/sequential designation 20
500 ## - GENERAL NOTE
General note "Reprinted from the Department of State bulletin of January 5, 1947."
651 #0 - SUBJECT ADDED ENTRY--GEOGRAPHIC NAME
Geographic name Europe
General subdivision Economic conditions
Chronological subdivision 1945-
650 #0 - SUBJECT ADDED ENTRY--TOPICAL TERM
Topical term or geographic name entry element Reconstruction (1939-1951)
Geographic subdivision Europe.

No items available.

Powered by Koha